000
00315 a2200133 4500
001
151019
040
_c
Escola São Tomás de Aquino
100
_a
SHAKESPEARE, William
240
1
0
_a
Contos de Shakespeare
_l
por
245
1
0
_a
Contos de Shakespeare
362
0
_a
2005
697
_a
*LITERATURA JUVENIL
942
_c
BK
999
_c
151019
_d
151019